| 000 | 01045nam a22002417a 4500 | ||
|---|---|---|---|
| 005 | 20110427152433.0 | ||
| 008 | 110427t xxu||||| |||| 00| 0 mar d | ||
| 010 | _aMAR-20753 | ||
| 020 |
_a9788184982350 _c400.00 |
||
| 035 | _aMR-13411 | ||
| 037 | _bDBAD / PUB | ||
| 040 |
_aDPL _bMR |
||
| 082 | _a891.463 | ||
| 100 |
_aपोतनीस,स्मिता _927501 |
||
| 245 |
_aनीलांगिनी / _cस्मिता पोतनीस |
||
| 246 |
_aNeelanginee _bby Smita Potnis |
||
| 260 |
_aपुणे _bमेहता पब्लिशिंग हाऊस _c2011 |
||
| 270 |
_a1941, सदाशिव पेठ माडीवाले कॉलनी, _bपुणे _e411030 |
||
| 300 |
_aसहा,514पृ _c21सेमी (अजिल्द) |
||
| 700 | _927502 | ||
| 942 |
_2ddc _cMR _h891.463 _mपोतनी |
||
| 999 |
_c51947 _d51947 |
||